000 00505nam a2200181Ia 4500
001 13426
005 20260306164800.0
008 260306t2016||||xx |||||||||||||| ||spa||
041 _aESP
082 _a004.071
_bA177
100 _aAssociation for Computing Machinery
_eAUT
245 0 _aITiCSE“16:
_bproceeding of the 2016 ACM Conference on innovation and technology in computer science education
260 _c2016
300 _a
_c
650 _aGEN
654 _aCCC
942 _cLIB
_dJUS
_fJUS
_2ddc
_n
999 _c13426
_d13426